[Event "Mecklenburg VP Verbandsliga 2223"]
[Site "Mecklenburg VP"]
[Date "2023.04.23"]
[Round "8.5"]
[White "Massloch, Philipp"]
[Black "Morosova, Svetlana"]
[Result "0-1"]
[WhiteElo "1805"]
[BlackElo "1675"]
[PlyCount "44"]
[EventDate "2022.10.23"]
[EventType "team-tourn"]
[EventRounds "9"]
[EventCountry "GER"]
[SourceTitle "EXT 2024"]
[Source "ChessBase"]
[SourceDate "2023.10.10"]
[SourceVersion "1"]
[SourceVersionDate "2023.10.10"]
[SourceQuality "1"]
[WhiteTeam "Torgelow Droegeheide II"]
[BlackTeam "Think Rochade"]
[WhiteTeamCountry "GER"]
[BlackTeamCountry "GER"]

1. e4 c5 2. Nc3 e6 3. f4 a6 4. a4 Nc6 5. Bc4 Qc7 6. d3 d6 7. Nf3 Nf6 8. 0-0 Be7 9. Qe1 0-0 10. e5 Ne8 11. Qg3 d5 12. Ba2 Bd7 13. f5 Nb4 14. Bf4 Nxa2 15. Rxa2 Kh8 16. f6 gxf6 17. exf6 Bd6 18. Ne5 Bc6 19. Bh6 Rg8 20. Nxf7+ Qxf7 21. Bg7+ Nxg7 22. fxg7+ Qxg7 0-1

[Event "Mecklenburg VP VL 1718"]
[Site "Mecklenburg VP"]
[Date "2018.04.08"]
[Round "8.8"]
[White "Joers, Pia Milena"]
[Black "Massloch, Philipp"]
[Result "0-1"]
[WhiteElo "1623"]
[BlackElo "1628"]
[PlyCount "54"]
[EventDate "2017.10.08"]
[EventType "team-tourn"]
[EventRounds "9"]
[EventCountry "GER"]
[SourceTitle "EXT 2022"]
[Source "ChessBase"]
[SourceDate "2021.10.06"]
[SourceVersion "1"]
[SourceVersionDate "2021.10.06"]
[SourceQuality "1"]
[WhiteTeam "Guestrow/Teterow"]
[BlackTeam "Torgelow Droegeheide"]
[WhiteTeamCountry "GER"]
[BlackTeamCountry "GER"]

1. d4 Nf6 2. c4 g6 3. Nc3 d5 4. e3 Bg7 5. cxd5 Nxd5 6. Qb3 Nxc3 7. bxc3 0-0 8. Nf3 c5 9. Ba3 b6 10. dxc5 bxc5 11. Bxc5 Qc7 12. Qa3 Nd7 13. Bb4 a5 14. Rc1 axb4 15. Qxa8 Bxc3+ 16. Nd2 Nb6 17. Qf3 Rd8 18. Rc2 Bb7 19. e4 Qd6 20. Qe3 Bxe4 21. Qxe4 Bxd2+ 22. Ke2 Nd5 23. Kf3 Qf6+ 24. Kg3 Nc3 25. Qh4 Qe5+ 26. f4 Be1+ 27. Rf2 Qe3+ 0-1

[Event "Mecklenburg VP VL 1718"]
[Site "Mecklenburg VP"]
[Date "2017.10.08"]
[Round "1.7"]
[White "Massloch, Philipp"]
[Black "Winkler, Karl"]
[Result "1/2-1/2"]
[WhiteElo "1628"]
[BlackElo "1829"]
[PlyCount "70"]
[EventDate "2017.10.08"]
[EventType "team-tourn"]
[EventRounds "9"]
[EventCountry "GER"]
[SourceTitle "EXT 2022"]
[Source "ChessBase"]
[SourceDate "2021.10.06"]
[SourceVersion "1"]
[SourceVersionDate "2021.10.06"]
[SourceQuality "1"]
[WhiteTeam "Torgelow Droegeheide"]
[BlackTeam "Neubrandenburg SG Eintracht"]
[WhiteTeamCountry "GER"]
[BlackTeamCountry "GER"]

1. e4 Nf6 2. e5 Nd5 3. d4 d6 4. c4 Nb6 5. exd6 exd6 6. b3 Be7 7. Bb2 Bf5 8. d5 0-0 9. Nf3 Bf6 10. Nc3 N8d7 11. Be2 Nc5 12. 0-0 Ne4 13. Nd4 Bg6 14. Nxe4 Bxe4 15. Bd3 Re8 16. Re1 Bxd3 17. Qxd3 Nd7 18. Re2 Nc5 19. Qc2 Qd7 20. Rae1 Rxe2 21. Rxe2 Re8 22. Kf1 Rxe2 23. Qxe2 Kf8 24. Qc2 Qg4 25. f3 Qf4 26. Ne2 Qxh2 27. Bxf6 gxf6 28. Qf5 Qh4 29. Qc8+ Kg7 30. g3 Qh1+ 31. Ng1 Qh2 32. Qg4+ Kf8 33. Qc8+ Kg7 34. Qg4+ Kf8 35. Qc8+ Kg7 1/2-1/2

[Event "Mecklenburg VP LL 1617"]
[Site "Mecklenburg VP"]
[Date "2017.04.23"]
[Round "9.8"]
[White "Dombrowski, Frank"]
[Black "Massloch, Philipp"]
[Result "1-0"]
[WhiteElo "1988"]
[BlackElo "1660"]
[PlyCount "23"]
[EventDate "2016.10.16"]
[EventType "team-tourn"]
[EventRounds "9"]
[EventCountry "GER"]
[SourceTitle "EXT 2022"]
[Source "ChessBase"]
[SourceDate "2021.10.06"]
[SourceVersion "1"]
[SourceVersionDate "2021.10.06"]
[SourceQuality "1"]
[WhiteTeam "Greifswald II"]
[BlackTeam "Torgelow Droegeheide"]
[WhiteTeamCountry "GER"]
[BlackTeamCountry "GER"]

1. c3 e5 2. d4 e4 3. Bf4 d5 4. e3 c5 5. Bxb8 Rxb8 6. Qa4+ Bd7 7. Qxa7 Qc8 8. Qb6 Nf6 9. Bb5 cxd4 10. Bxd7+ Qxd7 11. Qxd4 b5 12. Qe5+ 1-0

[Event "Mecklenburg VP VL 1516"]
[Site "Mecklenburg VP"]
[Date "2016.03.13"]
[Round "7.5"]
[White "Fischer, Torsten"]
[Black "Massloch, Philipp"]
[Result "1-0"]
[WhiteElo "2014"]
[BlackElo "1663"]
[PlyCount "61"]
[EventDate "2015.09.20"]
[EventType "team-tourn"]
[EventRounds "9"]
[EventCountry "GER"]
[SourceTitle "EXT 2022"]
[Source "ChessBase"]
[SourceDate "2021.10.06"]
[SourceVersion "1"]
[SourceVersionDate "2021.10.06"]
[SourceQuality "1"]
[WhiteTeam "Schwerin SF III"]
[BlackTeam "Torgelow Droegeheide"]
[WhiteTeamCountry "GER"]
[BlackTeamCountry "GER"]

1. e4 c5 2. Be2 Nc6 3. f4 d5 4. exd5 Qxd5 5. Nf3 g6 6. Nc3 Qd6 7. Ne4 Qd5 8. Nc3 Qd6 9. d3 b6 10. 0-0 Bg7 11. Ne4 Qd8 12. c3 e6 13. Be3 Bb7 14. Qa4 Nge7 15. d4 Nf5 16. Bf2 cxd4 17. Rad1 0-0 18. cxd4 Qc7 19. Ne5 Ncxd4 20. Rxd4 Nxd4 21. Qxd4 Rfd8 22. Qc3 Qxc3 23. Nxc3 Rd2 24. Rb1 Rc8 25. Kf1 Bf8 26. Ke1 Rcd8 27. Bh4 R8d4 28. g3 Bb4 29. Rc1 Kg7 30. Ng4 Bd5 31. Bf6+ 1-0

[Event "Mecklenburg VP VL 1314"]
[Site "Mecklenburg VP"]
[Date "2013.11.10"]
[Round "2.8"]
[White "Boecking, Uwe"]
[Black "Massloch, Philipp"]
[Result "1-0"]
[WhiteElo "1749"]
[BlackElo "1648"]
[PlyCount "89"]
[EventDate "2013.10.20"]
[EventType "team-tourn"]
[EventRounds "9"]
[EventCountry "GER"]
[SourceTitle "EXT 2022"]
[Source "ChessBase"]
[SourceDate "2021.10.06"]
[SourceVersion "1"]
[SourceVersionDate "2021.10.06"]
[SourceQuality "1"]
[WhiteTeam "Warnemuende SF Ostsee"]
[BlackTeam "Torgelow Droegeheide"]
[WhiteTeamCountry "GER"]
[BlackTeamCountry "GER"]

1. e4 c5 2. Nf3 Nc6 3. d4 cxd4 4. Nxd4 Nf6 5. Nc3 e5 6. Ndb5 d6 7. Bg5 a6 8. Na3 b5 9. Nd5 Be7 10. Bxf6 Bxf6 11. c3 0-0 12. Nc2 Bg5 13. Be2 Ne7 14. Nce3 f5 15. Nxe7+ Qxe7 16. Nxf5 Bxf5 17. exf5 Kh8 18. Qd5 Qa7 19. Bf3 Rad8 20. h4 Bf4 21. g3 Bh6 22. g4 Bf4 23. Be4 Qb6 24. Rd1 b4 25. Qb3 a5 26. c4 Qc7 27. Qd3 Qb6 28. 0-0 h6 29. Kg2 Qc7 30. Qf3 Qe7 31. Rh1 Qc7 32. b3 Qa7 33. Rd5 Rd7 34. Rhd1 Rfd8 35. Qd3 Qb6 36. c5 Qc7 37. cxd6 Qb6 38. Qc4 Qa7 39. Qc5 Qxc5 40. Rxc5 Ra7 41. d7 Raxd7 42. Rxd7 Rxd7 43. Rc8+ Kh7 44. f6+ g6 45. h5 1-0

[Event "Rostock SSC op 12th"]
[Site "Rostock"]
[Date "2013.07.31"]
[Round "1"]
[White "Hess, Christian"]
[Black "Massloch, Philipp"]
[Result "1-0"]
[WhiteElo "2289"]
[BlackElo "1818"]
[PlyCount "43"]
[EventDate "2013.07.31"]
[EventType "swiss"]
[EventRounds "7"]
[EventCountry "GER"]
[SourceTitle "EXT 2018"]
[Source "ChessBase"]
[SourceDate "2017.10.13"]
[SourceVersion "1"]
[SourceVersionDate "2017.10.13"]
[SourceQuality "1"]

1. Nf3 Nf6 2. c4 c5 3. Nc3 Nc6 4. e3 e6 5. d4 d5 6. cxd5 Nxd5 7. Bc4 cxd4 8. exd4 Bb4 9. Qd3 a6 10. a3 Ba5 11. 0-0 b5 12. Bb3 Nce7 13. Bg5 f6 14. Be3 0-0 15. Ne4 Bb6 16. Rac1 Kh8 17. Nc5 Nxe3 18. Qxe3 Nf5 19. Qe4 Ra7 20. Bxe6 Re8 21. Qxf5 Bxc5 22. Bxc8 1-0

[Event "GER-ch U25 op-A"]
[Site "Oberhof"]
[Date "2013.05.24"]
[Round "8"]
[White "Taeschner, Simon"]
[Black "Massloch, Philipp"]
[Result "1/2-1/2"]
[WhiteElo "1504"]
[BlackElo "1649"]
[PlyCount "53"]
[EventDate "2013.05.19"]
[EventType "swiss"]
[EventRounds "9"]
[EventCountry "GER"]
[SourceTitle "CBM 154 Extra"]
[Source "ChessBase"]
[SourceDate "2013.06.25"]
[SourceVersion "2"]
[SourceVersionDate "2013.06.25"]
[SourceQuality "1"]

1. Nf3 Nf6 2. g3 g6 3. Bg2 Bg7 4. 0-0 0-0 5. d3 d5 6. Nbd2 Nbd7 7. e4 dxe4 8. Nxe4 Nxe4 9. dxe4 Nf6 10. Qxd8 Rxd8 11. Re1 e6 12. Bf4 Bd7 13. Rac1 Bc6 14. Bxc7 Rdc8 15. Be5 Nxe4 16. Bxg7 Kxg7 17. Ne5 Nc5 18. Nxc6 bxc6 19. b4 Na4 20. b5 Rab8 21. Bxc6 Nc3 22. a4 Nxa4 23. Ra1 Nc3 24. Rxa7 Nxb5 25. Bxb5 Rxb5 26. Rxe6 Rxc2 27. Re1 1/2-1/2

[Event "Mecklenburg VP LL2 Ost 1213"]
[Site "Mecklenburg VP"]
[Date "2012.11.25"]
[Round "3.2"]
[White "Schwarz, Eckhard"]
[Black "Massloch, Philipp"]
[Result "1-0"]
[WhiteElo "1870"]
[BlackElo "1646"]
[PlyCount "99"]
[EventDate "2012.10.14"]
[EventType "team-tourn"]
[EventRounds "9"]
[EventCountry "GER"]
[SourceTitle "EXT 2022"]
[Source "ChessBase"]
[SourceDate "2021.10.06"]
[SourceVersion "1"]
[SourceVersionDate "2021.10.06"]
[SourceQuality "1"]
[WhiteTeam "Waterkant Saal SV"]
[BlackTeam "Torgelow Droegeheide II"]
[WhiteTeamCountry "GER"]
[BlackTeamCountry "GER"]

1. Nf3 c5 2. d4 cxd4 3. Nxd4 Nc6 4. c4 Nf6 5. Nc3 g6 6. g3 Bg7 7. Bg2 0-0 8. 0-0 Qb6 9. Nb3 Qc7 10. Bf4 d6 11. Rc1 Qd8 12. Qd2 Ng4 13. Rfd1 Be6 14. Nd5 Rc8 15. h3 Nge5 16. Bh6 Qd7 17. Kh2 Nb8 18. Bxg7 Kxg7 19. Qf4 b6 20. c5 bxc5 21. Nxc5 Qe8 22. Qe3 Nbc6 23. Nxe6+ fxe6 24. f4 exd5 25. fxe5 Nxe5 26. Rxc8 Qxc8 27. Qxa7 Rf7 28. Qd4 Qc2 29. Rd2 Qc4 30. Qxd5 Rf2 31. Kg1 Rf5 32. Qxc4 Nxc4 33. Rc2 Ne3 34. Rc7 Kf6 35. a4 Nxg2 36. Kxg2 Ra5 37. b3 Ra6 38. Kf3 Rb6 39. Rc3 d5 40. e3 Ke5 41. a5 Rb5 42. a6 Kd6 43. b4 Rxb4 44. Ra3 Rb8 45. a7 Ra8 46. Kf4 Ke6 47. Ra6+ Kf7 48. Ke5 Ke8 49. Kxd5 Kd7 50. e4 1-0

[Event "Tierpark op 7th"]
[Site "Ueckermuende"]
[Date "2008.09.06"]
[Round "2.12"]
[White "Deilitz, Manfred"]
[Black "Massloch, Philipp"]
[Result "0-1"]
[WhiteElo "1484"]
[BlackElo "1609"]
[PlyCount "74"]
[EventDate "2008.09.05"]
[EventType "swiss"]
[EventRounds "5"]
[EventCountry "GER"]
[SourceTitle "EXT 2023"]
[Source "ChessBase"]
[SourceDate "2022.10.05"]
[SourceVersion "1"]
[SourceVersionDate "2022.10.05"]
[SourceQuality "1"]

1. b4 e5 2. Bb2 Bxb4 3. Bxe5 Nf6 4. e3 d5 5. Nf3 Nbd7 6. Bb2 0-0 7. c4 Nb6 8. Qb3 Be7 9. Na3 Bg4 10. Ne5 Bf5 11. Rc1 c5 12. Be2 Ne4 13. 0-0 Nxd2 14. Qc3 Nxf1 15. Nc6 Bf6 16. Nxd8 Bxc3 17. Bxc3 Raxd8 18. Kxf1 dxc4 19. Nxc4 Nxc4 20. Bxc4 Bd3+ 21. Bxd3 Rxd3 22. Ke2 Rd7 23. a4 Rc8 24. a5 b6 25. axb6 axb6 26. Rb1 Rb7 27. Kd3 b5 28. Bb2 c4+ 29. Kc2 b4 30. Bc3 b3+ 31. Kb2 Ra7 32. Be1 c3+ 33. Kxb3 c2 34. Rc1 Rb7+ 35. Bb4 Rcb8 36. Rxc2 Rxb4+ 37. Kc3 Rc8+ 0-1